000 00606nam a2200193 a 4500
005 20140412111419.0
008 070906s19uu xx 00 eng d
020 _a0-679-80848-5
050 _aTR(PS E
_bBe38 1990
100 _aBerenstain, Jan
245 _aThe berenstain bears Trouble with pets /
_cStan Berenstain.
260 _aU.S.A :
_bBerenstain inc,
_c1990.
300 _a1 v. unp.
440 _aFirst time book
520 _aBrother and sister bear learn that a new puppy is not a play thing, but a responsibility.
650 _aPets
_xfiction
650 _aDogs
_xFiction
999 _c105966
_d105966